[Event "Maastricht Limburg op-C 5th"]
[Site "Maastricht"]
[Date "2011.06.13"]
[Round "7"]
[White "Gidding, Mark"]
[Black "Ulburghs, Piet"]
[Result "1/2-1/2"]
[WhiteElo "1470"]
[BlackElo "1697"]
[PlyCount "98"]
[EventDate "2011.06.10"]
[EventType "swiss"]
[EventRounds "7"]
[EventCountry "NED"]
[SourceTitle "EXT 2012"]
[Source "ChessBase"]
[SourceDate "2011.11.24"]
[SourceVersion "1"]
[SourceVersionDate "2011.11.24"]
[SourceQuality "1"]

1. e4 c5 2. Nf3 e6 3. d4 cxd4 4. Nxd4 a6 5. c4 Nc6 6. Nc3 Bb4 7. Be3 Nge7 8. Be2 0-0 9. 0-0 Bxc3 10. bxc3 d6 11. f4 e5 12. Nxc6 Nxc6 13. f5 f6 14. Qd5+ Kh8 15. Rad1 Qa5 16. Qxd6 Rd8 17. Qc5 h6 18. Qxa5 Rxd1 19. Rxd1 Nxa5 20. Rd8+ Kh7 21. Bh5 g5 22. Bg6+ Kg7 23. Bc5 Nc6 24. Bf8+ Kg8 25. Re8 Bxf5 26. Bxh6+ Rxe8 27. Bxe8 Bxe4 28. Bxc6 Bxc6 29. h4 Kh7 30. hxg5 f5 31. Bf8 Kg6 32. Be7 Bd7 33. c5 a5 34. Kf2 Kf7 35. Bf6 Ke6 36. g3 Be8 37. Ke3 a4 38. a3 Kd5 39. Be7 Kc4 40. Bd6 e4 41. g4 fxg4 42. Kxe4 Bh5 43. Kf5 g3 44. Bxg3 Kxc5 45. g6 Bf3 46. Kf6 Bd5 47. Kg7 b5 48. Kf8 Kc4 49. Bd6 Be6 1/2-1/2

[Event "Maastricht Limburg op-C 5th"]
[Site "Maastricht"]
[Date "2011.06.11"]
[Round "3"]
[White "Van Meegen, Judith"]
[Black "Gidding, Mark"]
[Result "0-1"]
[WhiteElo "1484"]
[BlackElo "1470"]
[PlyCount "64"]
[EventDate "2011.06.10"]
[EventType "swiss"]
[EventRounds "7"]
[EventCountry "NED"]
[SourceTitle "EXT 2012"]
[Source "ChessBase"]
[SourceDate "2011.11.24"]
[SourceVersion "1"]
[SourceVersionDate "2011.11.24"]
[SourceQuality "1"]

1. e4 e5 2. Nf3 Nc6 3. Nc3 Nf6 4. Bb5 Bb4 5. 0-0 d6 6. Nd5 Ba5 7. d3 0-0 8. Bg5 Kh8 9. Kh1 Be6 10. Nxf6 gxf6 11. Bh6 Rg8 12. Nh4 Ne7 13. Qh5 Ng6 14. Nf5 Bxf5 15. Qxf5 c6 16. Bc4 Qe7 17. c3 Rad8 18. d4 d5 19. exd5 cxd5 20. Bd3 e4 21. Rae1 Qe6 22. Qh5 f5 23. f3 Ne7 24. fxe4 dxe4 25. Bg5 f6 26. Bf4 Rg6 27. Bxe4 fxe4 28. Qxa5 Rd5 29. Qxa7 Qg4 30. Bg3 Rh5 31. Kg1 Rxh2 32. Bxh2 Qxg2# 0-1